000 00416nam a2200181Ia 4500
001 1973
005 20260306143808.0
008 260306t2003||||xx |||||||||||||| ||spa||
041 _aESP
082 _a158.7
_bS17
100 _aSalvatierra, Belén
_eAUT
245 0 _aPsicología del minero
260 _c2003
300 _a209 páginas :
_c20 cm.
650 _aGEN
654 _aCPS
942 _cLIB
_dJUS
_fJUS
_2ddc
_n
999 _c1973
_d1973